000 00448nam a22001337a 4500
999 _c6249
_d6249
008 170218b xxu||||| |||| 00| 0 eng d
082 _aDPer 910.5 T69 Jan-Aug 2015 v. 1-4
245 _aDream come true:
_bthe city of dreams Manila opens with a bang.
260 _aPhilippines:
_bOne Mega Group,
_c©2015.
300 _av2, page 110:
_billustrations;
_c28 cm.
500 _aTravel Now.
650 0 _918842
_aTourist trade
_zManila
942 _2ddc
_cPER